000 00450nam a22001817a 4500
003 MPLRDC
005 20220104123912.0
008 210129b ||||| |||| 00| 0 eng d
020 _a7-5017-0903-3
082 _a494.07 YPX
100 _a杨培新
245 _a承包制: 企业发达必由之路
_c
250 _a一版二刷
260 _a
_b中国经济出版社
_c1991
300 _b
650 _a企业管理
942 _cBK
_o494.07 YPX
999 _c15092
_d15082